| 000 | 01012nam a22002775i 4500 | ||
|---|---|---|---|
| 999 |
_c27701 _d27672 |
||
| 003 | EG-ScBUE | ||
| 005 | 20191022135520.0 | ||
| 008 | 191022t2000 ua a f b 000 0 eng d | ||
| 020 | _a9772234653 | ||
| 040 |
_aEG-ScBUE _beng _erda _cEG-ScBUE _dEG-ScBUE |
||
| 043 |
_af-ua--- _aa-ko--- _aa-kn--- |
||
| 082 | 0 | 4 |
_a327.620519 _bEGY _222 |
| 245 | 0 | 0 |
_aEgyptian - Korean : _bcomparative perspectives / _cedited by Mohammed El-Sayed Selim, Ibrahim Arafat. |
| 264 | 1 |
_aCairo : _bCenter for Asian studies, Faculty of Economics & Political Science, Cairo University, _c[2000] |
|
| 264 | 4 | _cc2000 | |
| 300 |
_a197 pages : _billustrations ; _c24 cm |
||
| 336 |
_atext _btxt _2rdacontent |
||
| 337 |
_aunmediated _bn _2rdamedia |
||
| 338 |
_avolume _bnc _2rdacarrier |
||
| 504 | _aIncludes bibliographical references. | ||
| 653 |
_bBUSBOL _bMASPPSS _cOctober2019 |
||
| 700 | 1 |
_aSelim, Mohammed El-Sayed, _eeditor. |
|
| 700 | 1 |
_aArafat, Ibrahim, _eeditor. |
|
| 942 |
_2ddc _cBB |
||